Exploración del federalismo

Saved in:
Bibliografiske detaljer
Hovedforfatter: Elazar, Daniel J (Author)
Format: Bog
Sprog:spansk
Udgivet: Barcelona Hacer 1990
Serier:Colección Federalismo
Fag:
Tags: Tilføj Tag
Ingen Tags, Vær først til at tagge denne postø!

MARC

LEADER 00000nam a2200000 a 4500
001 UCK0622
003 CL-VaPUC
008 041015e19900000SP |||||||||||||||||spa|d
020 |a 848534880X 
082 0 4 |a 321.02  |b ELA  |2 21 
100 0 |a Elazar, Daniel J  |e author  |9 488567 
245 1 0 |a Exploración del federalismo 
300 |a 378 p 
942 |c BK 
945 |d 20041015 00:00:00  |a cmena 
260 |a Barcelona  |b Hacer  |c 1990 
650 0 |a Federalismo  |9 313886 
650 7 |a FILOSOFIA POLITICA  |2 CL-VaPUC  |9 488568 
650 7 |a SISTEMAS POLITICOS  |2 CL-VaPUC  |9 488569 
583 |a last modification  |c 20041015 00:00:00  |k Rodrigo Vera 
490 0 |a Colección Federalismo 
999 |c 310988  |d 310986 
952 |0 0  |1 0  |4 0  |6 321_020000000000000_ELA_1990  |7 0  |8 A  |9 380128  |a BIBDER  |b BIBDER  |d 2019-11-21  |i 4071352  |o 321.02 ELA 1990  |p 4071352  |r 2023-01-25  |w 2019-11-21  |y BK  |k DER